[Event "Stuttgart-chB int"]
[Site "Gerlingen"]
[Date "2007.05.19"]
[Round "6"]
[White "Nadj, Georg"]
[Black "Herbst, Karin"]
[Result "0-1"]
[WhiteElo "1470"]
[BlackElo "1349"]
[PlyCount "54"]
[EventDate "2007.05.17"]
[EventType "swiss"]
[EventRounds "7"]
[EventCountry "GER"]
[SourceTitle "EXT 2018"]
[Source "ChessBase"]
[SourceDate "2017.10.13"]
[SourceVersion "1"]
[SourceVersionDate "2017.10.13"]
[SourceQuality "1"]

1. e4 c6 2. d4 d5 3. exd5 cxd5 4. c3 Nf6 5. Nf3 Bg4 6. Bb5+ Nc6 7. h3 Bh5 8. g4 Bg6 9. Ne5 Qb6 10. Nxg6 hxg6 11. Ba4 e6 12. Bb3 Bd6 13. Nd2 Qc7 14. Nf3 Nxg4 15. Qe2 Nf6 16. Bg5 Ne4 17. 0-0-0 Rh5 18. Be3 Rc8 19. Kb1 Qb6 20. h4 Na5 21. Ba4+ Ke7 22. Qb5 Qxb5 23. Bxb5 Rf5 24. Nd2 Nxf2 25. Bxf2 Rxf2 26. h5 Rh8 27. b4 Nc6 0-1

[Event "Stuttgart-chB int"]
[Site "Gerlingen"]
[Date "2007.05.17"]
[Round "2"]
[White "Herbst, Karin"]
[Black "Schnorr, Elke"]
[Result "0-1"]
[WhiteElo "1349"]
[BlackElo "1716"]
[PlyCount "56"]
[EventDate "2007.05.17"]
[EventType "swiss"]
[EventRounds "7"]
[EventCountry "GER"]
[SourceTitle "EXT 2018"]
[Source "ChessBase"]
[SourceDate "2017.10.13"]
[SourceVersion "1"]
[SourceVersionDate "2017.10.13"]
[SourceQuality "1"]

1. c4 e6 2. d4 d5 3. cxd5 exd5 4. Nc3 Nf6 5. Bg5 Nbd7 6. Nf3 Be7 7. e3 0-0 8. Rc1 c6 9. Be2 Re8 10. 0-0 Nf8 11. Ne5 N6d7 12. Bf4 Nxe5 13. Bxe5 Bd6 14. Bxd6 Qxd6 15. Bd3 Re6 16. e4 dxe4 17. Nxe4 Qxd4 18. Qc2 Rh6 19. Ng3 Qh4 20. h3 Bxh3 21. gxh3 Qxh3 22. Rfe1 Qh2+ 23. Kf1 Rf6 24. Re5 Qxg3 25. Rf5 Qh3+ 26. Ke1 Re8+ 27. Kd2 Rxf5 28. Bxf5 Qf3 0-1

[Event "Stuttgart-chB int"]
[Site "Ditzingen"]
[Date "2006.05.26"]
[Round "3"]
[White "Herbst, Karin"]
[Black "Sampala, Simon"]
[Result "1-0"]
[WhiteElo "1433"]
[BlackElo "1235"]
[PlyCount "54"]
[EventDate "2006.05.25"]
[EventType "swiss"]
[EventRounds "7"]
[EventCountry "GER"]
[SourceTitle "EXT 2018"]
[Source "ChessBase"]
[SourceDate "2017.10.13"]
[SourceVersion "1"]
[SourceVersionDate "2017.10.13"]
[SourceQuality "1"]

1. c4 e5 2. Nc3 Nc6 3. Nf3 Bb4 4. Nd5 e4 5. Nxb4 Nxb4 6. Nd4 c5 7. Nc2 Nxc2+ 8. Qxc2 f5 9. e3 Qb6 10. b3 d6 11. Bb2 Ne7 12. Bxg7 Rg8 13. Bh6 d5 14. Bf4 Be6 15. Bg3 0-0-0 16. Be2 Nc6 17. a3 d4 18. Qa2 d3 19. Bd1 a5 20. 0-0 Kd7 21. f3 Rdf8 22. Rb1 Qa6 23. Qb2 Ke8 24. Bd6 Rf7 25. fxe4 fxe4 26. Bh5 Qa8 27. Bxf7+ Bxf7 1-0